00516 2200205 4500001002100000005001500021035002000036245004500056100001400101250000600115300003500121260003900156082000800195084001400203020002200217650002000239990001700259990001700276990001700293INLIS00000000000126620190806041414 a0010-08190000111 aAkhlak Siswa Terhadap Teman /cDrs. Loso0 aDrs. Loso a- avi, 58 hlm. :bilus. ;c25 cm. aSemarang :bCV GHyyas Putra,c2008 a170 a170 LOS a a978-979-051-018-0 aEtika dan Moral a04522/P/2018 a04523/P/2018 a04524/P/2018